004820000a2200181000450000500170000094200090001710000120002624500520003825000070009026000360009730000100013304000080014336500080015165000240015965000140018399900190019795200840021620120302060105.0 cBOOK a Vinoba a Upnishadaanchaa Abhyaasa - Prastaawanaa Khanda a 3 aVardha:Graam Sevaa Mandal,1955. a121p. aMAR b1/- aDharmika Vaangamaya aUpnishade c350205d350202 00104070aIOSbIOSd2009-12-02l0pIOS-14893r2009-12-02 00:00:00w2009-12-02